| 000 | 00508cam a2200193ua 4500 | ||
|---|---|---|---|
| 001 | 330 | ||
| 008 | 110329n ii |||gr||||Z||||||eng | ||
| 020 | _a81-207-0934-9 | ||
| 040 | _cMAIN | ||
| 082 | _a320.011 | ||
| 245 | 1 |
_aPrinciples of modern political science _cby J.C. Johari |
|
| 250 | _a1st. | ||
| 260 |
_aNew Delhi: _bSterling,989. |
||
| 300 |
_axiv, 856p: _c55cm. |
||
| 653 | _aPolitical science | ||
| 653 | _aPrinciples of modern political science | ||
| 700 |
_aJohari, J.C., _eAuthor. |
||
| 942 | _cBK | ||
| 999 |
_c281 _d281 |
||